[Event "18th European Teams"]
[Site "Porto Carras GRE"]
[Date "2011.11.05"]
[Round "3"]
[Board "4"]
[White "Arizmendi Martinez, Julen Luis"]
[Black "Szabo, Gergely-Andras-Gyula"]
[Result "1-0"]
[WhiteTitle "GM"]
[BlackTitle "GM"]
[WhiteElo "2568"]
[BlackElo "2553"]
[WhiteTeam "Spain"]
[BlackTeam "Romania"]
[WhiteFideId "2205092"]
[BlackFideId "1205064"]
[EventDate "2011.11.03"]

1. d4 Nf6 2. c4 e6 3. Nc3 Bb4 4. Bg5 h6 5. Bh4 O-O 6. e3 c5 7. d5 Bxc3+ 8. bxc3
d6 9. Nf3 Re8 10. Bd3 e5 11. Nd2 g5 12. Bg3 e4 13. Bc2 Qe7 14. O-O Nbd7 15. Qe2
Kg7 16. Rae1 Nf8 17. f3 1-0